Paroles - Tandem - Vanessa Paradis - Statistiques

Statistiques générales
  • Ce quiz a été pris 50 fois
  • Le résultat moyen est 163 sur 205
Statistiques - réponses
Réponse % Correct
je
100%
Je
100%
le
100%
M
100%
ce
97%
Dans
97%
N
97%
t'aime
97%
un
97%
C'est
95%
c'est
95%
de
95%
la
95%
me
95%
mot
95%
Tandem
95%
toujours
95%
Toujours
95%
Comme
92%
comme
92%
Et
92%
et
92%
ne
92%
Trop
92%
On
90%
pas
90%
une
90%
dévisage
87%
m'envisage
87%
que
87%
suis
87%
fille
85%
I
85%
pour
85%
ça
82%
fragile
82%
haine
82%
Mille
82%
seul
82%
Tu
82%
tu
82%
idem
79%
même
79%
moi
79%
thème
79%
toi
79%
diadème
77%
nuits
77%
Si
77%
brille
74%
Mais
74%
Ou
74%
amour
72%
contre
72%
jamais
67%
m'exile
67%
Parfois
67%
parfois
67%
en
62%
dévisages
59%
es
59%
m'éloignent
56%
m'exiles
56%
souvent
56%
m'envisages
54%
l'on
51%
d'M
44%
don't
44%
know
44%
Autant
41%
récolte
41%
sème
41%
when
41%
Bientôt
38%
deviens
38%
blême
36%
Maths
36%
maths
36%
fort
33%
crash
28%
élèm'
28%
sup'
28%
Aucun quiz correspondant
Distribution des résultats
% des personnes avec chaque résultat
Percentile par nombre de réponses
Votre historique - résultats
Vous n’avez pas pris ce quiz